Подробности
| 000 -МАРКЕР |
| контрольное поле |
01556nam a2200301 c 4500 |
| 001 - КОНТРОЛЬНЫЙ НОМЕР ЗАПИСИ |
| контрольное поле |
000001753 |
| 003 - ПРИНАДЛЕЖНОСТЬ КОНТРОЛЬНОГО НОМЕРА |
| контрольное поле |
RuMoIPM |
| 005 - ДАТА И ВРЕМЯ ПОСЛЕДНЕЙ ТРАНЗАКЦИИ |
| контрольное поле |
20260507120024.0 |
| 008 - ЭЛЕМЕНТЫ ДАННЫХ ФИКСИРОВАННОЙ ДЛИНЫ |
| контрольное поле |
121112s2003 ru a||p|||||||||||||rus d |
| 020 ## - МЕЖДУНАРОДНЫЙ СТАНДАРТНЫЙ НОМЕР КНИГИ (ISBN) |
| международный стандартный номер книги |
5-329-00163-3 |
| 020 ## - МЕЖДУНАРОДНЫЙ СТАНДАРТНЫЙ НОМЕР КНИГИ (ISBN) |
| международный стандартный номер книги |
5-93156-024-6 |
| 035 ## - КОНТРОЛЬНЫЙ НОМЕР СИСТЕМЫ |
| контрольный номер системы |
(RuMoIPM Bibliobus) 001958 |
| 040 ## - ОРГАНИЗАЦИЯ-СОЗДАТЕЛЬ ЗАПИСИ |
| организация-создатель исходной библиографической записи |
RuMoIPM |
| язык каталогизации |
rus |
| правила каталогизации |
rcr |
| 041 ## - КОД ЯЗЫКА |
| код языка текста |
Русский |
| 044 ## - КОД СТРАНЫ ПУБЛИКАЦИИ/ИЗГОТОВЛЕНИЯ |
| MARC код страны публикации/изготовления |
Российская Федерация |
| 080 ## - ИНДЕКС УНИВЕРСАЛЬНОЙ ДЕСЯТИЧНОЙ КЛАССИФИКАЦИИ |
| индекс Универсальной десятичной классификации |
51(07) |
| 245 00 - ОБЛАСТЬ ЗАГЛАВИЯ И СВЕДЕНИЙ ОБ ОТВЕТСТВЕННОСТИ |
| заглавие |
Сборник задач по математике для поступающих во втузы |
| сведения, относящиеся к заглавию, и т. д |
[учебное пособие] |
| сведения об ответственности и т. д |
В. К. Егерев, В. В. Зайцев, Б. А. Кордемский [и др.] ; Под ред. М. И. Сканави |
| 250 ## - ОБЛАСТЬ ИЗДАНИЯ |
| сведения об издании |
6-е изд. |
| 260 ## - ОБЛАСТЬ ВЫХОДНЫХ ДАННЫХ |
| место публикации, распространения, изготовления и т. д |
Москва |
| издательство, издатель, распространитель и т. д |
ОНИКС 21 век |
| -- |
Мир и Образование |
| -- |
Альянс-В |
| дата издания, распространения и т. д |
2003 |
| 300 ## - ОБЛАСТЬ КОЛИЧЕСТВЕННОЙ ХАРАКТЕРИСТИКИ |
| объём |
608 с. |
| прочее |
ил. |
| 500 ## - ПРИМЕЧАНИЕ ОБЩЕГО ХАРАКТЕРА |
| текст примечания |
Авт. указаны на обороте тит. л. |
| 700 0# - ИМЯ ЛИЦА КАК ДОБАВОЧНЫЙ ПОИСКОВЫЙ ПРИЗНАК |
| имя лица |
Егерев, Виктор Константинович |
| 700 0# - ИМЯ ЛИЦА КАК ДОБАВОЧНЫЙ ПОИСКОВЫЙ ПРИЗНАК |
| имя лица |
Зайцев, Владимир Валентинович |
| 700 0# - ИМЯ ЛИЦА КАК ДОБАВОЧНЫЙ ПОИСКОВЫЙ ПРИЗНАК |
| имя лица |
Кордемский, Борис Анастасьевич |
| 700 0# - ИМЯ ЛИЦА КАК ДОБАВОЧНЫЙ ПОИСКОВЫЙ ПРИЗНАК |
| имя лица |
Сканави, Марк Иванович |
| роль лица относительно произведения |
авт. |
| -- |
ред. |
| 887 ## - Данные не-MARC |
| Содержание |
Сборник задач по математике для поступающих во ВТУЗы: учеб. пособ. / Егерев В.К., Зайцев В.В. и др.; Сканави М.И. (ред.). — 6-е изд., М.: ОНИКС 21 век, Мир и образование, Альянс-В, 2003. — 608 с.: ил. |
| Источник данных |
Bibliobus |
| 942 ## - ДАННЫЕ О ЗАПИСИ (KOHA) |
| Тип экземпляра (KOHA) |
Книга |